Kentucky dreamer / (Record no. 2632)

MARC details
000 -LEADER
fixed length control field 01023pam a2200301 a 4500
005 - DATE AND TIME OF LATEST TRANSACTION
control field 20240105135649.0
020 ## - INTERNATIONAL STANDARD BOOK NUMBER
International Standard Book Number 1556612346 :
Terms of availability $5.99
020 ## - INTERNATIONAL STANDARD BOOK NUMBER
International Standard Book Number 9781556612343
040 ## - CATALOGING SOURCE
Original cataloging agency DLC
Transcribing agency DLC
Modifying agency DLC
Language of cataloging eng
050 00 - LIBRARY OF CONGRESS CALL NUMBER
Classification number PZ7.S677
Item number Ke 1992
082 00 - DEWEY DECIMAL CLASSIFICATION NUMBER
Classification number 796.54
Edition number 20
100 1# - MAIN ENTRY--PERSONAL NAME
Personal name Snelling, Lauraine
245 10 - TITLE STATEMENT
Title Kentucky dreamer /
Statement of responsibility, etc. Lauraine Snelling
260 ## - PUBLICATION, DISTRIBUTION, ETC.
Place of publication, distribution, etc. Minneapolis, :
Name of publisher, distributor, etc. Bethany House Publishers,
Date of publication, distribution, etc. 1991
300 ## - PHYSICAL DESCRIPTION
Extent 173 pages ;
Dimensions 20 cm
490 1# - SERIES STATEMENT
Series statement Golden filly series ;
Volume/sequential designation Book 4
500 ## - GENERAL NOTE
General note "Young adult fiction (12 and up)"--Cover.
505 ## - FORMATTED CONTENTS NOTE
Formatted contents note K
520 ## - SUMMARY, ETC.
Summary, etc. Having won the Santa Anita Derby, Trish and her horse look forward to competing in the Kentucky Derby, until a series of misfortunes interferes with their dream.
521 ## - TARGET AUDIENCE NOTE
Target audience note 600
Source Lexile estimate
521 ## - TARGET AUDIENCE NOTE
Target audience note K
Source Raz-Plus
650 #1 - SUBJECT ADDED ENTRY--TOPICAL TERM
Topical term or geographic name entry element Horse racing
General subdivision Fiction.
650 #1 - SUBJECT ADDED ENTRY--TOPICAL TERM
Topical term or geographic name entry element Family problems
General subdivision Fiction.
650 #1 - SUBJECT ADDED ENTRY--TOPICAL TERM
Topical term or geographic name entry element Christian life
General subdivision Fiction.
906 ## - LOCAL DATA ELEMENT F, LDF (RLIN)
a 7
b cbc
c orignew
d 1
e ocip
f 19
g y-gencatlg
942 ## - ADDED ENTRY ELEMENTS (KOHA)
Source of classification or shelving scheme Dewey Decimal Classification
Koha item type Books
Suppress in OPAC No
999 ## -
-- 2632
-- 2632
Holdings
Withdrawn status Lost status Source of classification or shelving scheme Damaged status Not for loan Collection Home library Current library Shelving location Date acquired Total Checkouts Full call number Barcode Date last seen Date last checked out Price effective from Koha item type
    Dewey Decimal Classification     Juvenile Fiction Footprints International School Library Network Toul Kork Campus Footprints International School Library Network Toul Kork Campus   01/05/2024 1 SNE 796.54 PZ7.S677 FIS00916 03/04/2024 02/26/2024 01/05/2024 Books